000 00836nam a22002177a 4500
999 _c16190
_d16190
008 210622b ||||| |||| 00| 0 eng d
020 _a9786210403749
082 _22020
_aDFil 372.7
_bC834
100 _aGusano, Riza C.,
_dauthor.
_943364
245 _aA course module for teaching math in the primary grades/
_cRiza C. Gusano [and three others].
250 _aFirst Edition
260 _aManila:
_bRex Bookstore,
_c©2020.
300 _aiii, 155 pages:
_billustrations;
_c25 cm.
500 _aIncludes bibliographical references and index.
650 _aMathematics, Elementary education.
_943365
700 _aMasangkay, Mark Zoel J.,
_bauthor.
_943366
700 _aRocena, Lady Angela M.,
_bauthor.
_943367
700 _aUnida, Melanie C.,
_bauthor.
_943368
700 _aPawilen, Greg T.,
_bcoordinator.
_943363
942 _2ddc
_cDFIL